Д.С. Мережковский и З.Н. Гиппиус: из жизни в эмиграции (Запись № 1364931)

Подробности
000 -МАРКЕР
контрольное поле 01668nam0a2200373 4500
001 - ИДЕНТИФИКАТОР ЗАПИСИ
контрольное поле RU\NLR\bibl\238533
005 - ИДЕНТИФИКАТОР ВЕРСИИ
контрольное поле 20260406164304.0
010 ## - МЕЖДУНАРОДНЫЙ СТАНДАРТНЫЙ НОМЕР КНИГИ (ISBN)
Номер (ISBN) 5-8329-0034-0
Тираж 300
021 ## - НОМЕР ГОСУДАРСТВЕННОЙ РЕГИСТРАЦИИ
Код страны Российская Федерация
Номер 2002-27249
Номер Листа государственной регистраци 1351
035 ## - ДРУГИЕ СИСТЕМНЫЕ НОМЕРА
Идентификатор записи (NLR Aleph) 000234429
100 ## - ДАННЫЕ ОБЩЕЙ ОБРАБОТКИ
Данные общей обработки 20020315d2001 |||y0rusy50 ca
101 0# - ЯЗЫК РЕСУРСА
Язык текста, звукозаписи и т.д. русский
102 ## - СТРАНА ПУБЛИКАЦИИ ИЛИ ПРОИЗВОДСТВА
Страна публикации Российская Федерация
105 ## - ПОЛЕ КОДИРОВАННЫХ ДАННЫХ: ТЕКСТОВЫЕ МАТЕРИАЛЫ, МОНОГРАФИЧЕСКИЕ
Кодированные данные о монографическом текстовом документе y |||||||||
200 1# - ЗАГЛАВИЕ И СВЕДЕНИЯ ОБ ОТВЕТСТВЕННОСТИ
Основное заглавие Д.С. Мережковский и З.Н. Гиппиус: из жизни в эмиграции
Первые сведения об ответственности В.И. Хрисанфов
Последующие сведения об ответственности Под науч. ред. доц. Мальцева Н.Н.
210 ## - ПУБЛИКАЦИЯ, РАСПРОСТРАНЕНИЕ И ДР.
Место издания, распространения и т.д. СПб.
Имя издателя, распространителя и т. д. Синтез-Полиграф
Дата издания, распространения и т.д. 2001
215 ## - ФИЗИЧЕСКАЯ ХАРАКТЕРИСТИКА
Специфическое обозначение материала и объем 182, [1] с.
Размеры 20
316 ## - ПРИМЕЧАНИЯ ОБ ОСОБЕННОСТЯХ ЭКЗЕМПЛЯРА
Текст примечания С автогр. авт.
Организация и экземпляр, к которому относится поле NLR
320 ## - ПРИМЕЧАНИЯ О НАЛИЧИИ В ДОКУМЕНТЕ БИБЛИОГРАФИИ / УКАЗАТЕЛЯ
Текст примечания Библиогр. в примеч. в конце кн.
600 #1 - ИМЯ ЛИЦА КАК ПРЕДМЕТ
Начальный элемент ввода Гиппиус
Часть имени, кроме начального элемента ввода З.Н.
Даты 1869 - 1945
Расширение инициалов личного имени Зинаида Николаевна
Тематический подзаголовок Биография
Системный номер авторитетной/нормативной записи 2238504
Идентификатор авторитетной/нормативной записи RU\NLR\auth\661343316
600 #1 - ИМЯ ЛИЦА КАК ПРЕДМЕТ
Начальный элемент ввода Мережковский
Часть имени, кроме начального элемента ввода Д.С.
Даты 1866 - 1941
Расширение инициалов личного имени Дмитрий Сергеевич
Тематический подзаголовок Биография
Системный номер авторитетной/нормативной записи 2238506
Идентификатор авторитетной/нормативной записи RU\NLR\auth\661343317
600 #1 - ИМЯ ЛИЦА КАК ПРЕДМЕТ
Начальный элемент ввода Мережковский
Часть имени, кроме начального элемента ввода Д. С.
Даты 1866-1941
Расширение инициалов личного имени Дмитрий Сергеевич
Код системы psbo
686 ## - ИНДЕКСЫ ДРУГИХ КЛАССИФИКАЦИЙ
Индекс Ш5(2=Р)53-4Гиппиус
686 ## - ИНДЕКСЫ ДРУГИХ КЛАССИФИКАЦИЙ
Индекс Ш5(2=Р)53-4Мережковский
700 #1 - ИМЯ ЛИЦА - ПЕРВИЧНАЯ ОТВЕТСТВЕННОСТЬ
Начальный элемент ввода Хрисанфов
Часть имени, кроме начального элемента ввода В. И.
Код отношения Автор
702 #1 - ИМЯ ЛИЦА - ВТОРИЧНАЯ ОТВЕТСТВЕННОСТЬ
Код отношения Прочие
Материалы, к которым относится поле rus
Графика поля Кириллица
Начальный элемент ввода Гиппиус
Часть имени, кроме начального элемента ввода З. Н.
Даты 1869-1945
Расширение инициалов личного имени Зинаида Николаевна
Идентификатор авторитетной/нормативной записи RU\NLR\auth\7710609
Системный номер авторитетной/нормативной записи 120376
801 #0 - ИСТОЧНИК ЗАПИСИ
Страна Российская Федерация
Организация NLR
Дата составления 20020315
Правила каталогизации PSBO
801 #1 - ИСТОЧНИК ЗАПИСИ
Страна Российская Федерация
Организация NLR
Дата составления 20020315
942 ## - ДОПОЛНИТЕЛЬНЫЕ ЭЛЕМЕНТЫ ЗАПИСИ (АБИС)
Тип экземпляра АБИС Книга
980 ## - КОЛЛЕКЦИЯ
Название коллекции Национальная библиография
Экземпляры
Тип экземпляра Дата поступления Источник поступления Библиотека постоянного хранения Библиотека текущего хранения Место хранения Шифр хранения Штрих-код Статус экземпляра
Книга 25.09.2002 Обязательный экземпляр РНБ (Московский) РНБ (Московский) Русский книжный фонд: издания с 1957 года 2002-3/5230 1-1040372  
Книга 25.09.2002 Обязательный экземпляр РНБ (Московский) РНБ (Московский) Обменный фонд   335584  
Книга 15.03.2002 Дар РНБ (Московский) РНБ (Московский) Русский книжный фонд: издания с 1957 года 2002-3/5230 1-2127102